000 00653nam a2200241Ia 4500
003 OSt
005 20220924131818.0
006 a|||||r|||| 00| 0
007 ta
008 220923b |||||||| |||| 00| 0 tel d
024 _a347580
037 _cTextual
040 _aARTS
_cARTS
_btel
041 _2tel
_atel
082 _aO35,3, 35K6
100 _aDandamuri Mahidhar Au.
_9202952
245 0 _aKanthi Rekha
260 _aVijayawada
_bDesi Book Distributors India
_c1966
300 _a138p.
_ccm.
650 _aTELUGU LITERATURE
942 _hO35,3, 35K6
_cTEXL
_2CC
999 _c428288
_d428288